header

Building cross-platform apps using titanium, alloy, and appcelerator cloud services / (Record no. 3643)

MARC details
000 -LEADER
fixed length control field 01631nam a2200373 i 4500
001 - CONTROL NUMBER
control field ebr10955859
003 - CONTROL NUMBER IDENTIFIER
control field CaPaEBR
006 - FIXED-LENGTH DATA ELEMENTS--ADDITIONAL MATERIAL CHARACTERISTICS--GENERAL INFORMATION
fixed length control field m o d
007 - PHYSICAL DESCRIPTION FIXED FIELD--GENERAL INFORMATION
fixed length control field cr cn|||||||||
008 - FIXED-LENGTH DATA ELEMENTS--GENERAL INFORMATION
fixed length control field 141029t20152015enka o 001 0 eng d
020 ## - INTERNATIONAL STANDARD BOOK NUMBER
Cancelled/invalid ISBN 9781118673256
International Standard Book Number 9781118673225 (e-book)
040 ## - CATALOGING SOURCE
Original cataloging agency CaPaEBR
Language of cataloging eng
Description conventions rda
-- pn
Transcribing agency CaPaEBR
035 ## - SYSTEM CONTROL NUMBER
System control number (OCoLC)896839802
050 14 - LIBRARY OF CONGRESS CALL NUMBER
Classification number QA76.76.D47
Item number .S286 2015eb
082 04 - DEWEY DECIMAL CLASSIFICATION NUMBER
Classification number 005.1
Edition number 23
100 1# - MAIN ENTRY--PERSONAL NAME
Personal name Saunders, Aaron,
Relator term author.
245 10 - TITLE STATEMENT
Title Building cross-platform apps using titanium, alloy, and appcelerator cloud services /
Statement of responsibility, etc Aaron Saunders.
264 #1 - PRODUCTION, PUBLICATION, DISTRIBUTION, MANUFACTURE, AND COPYRIGHT NOTICE
Place of production, publication, distribution, manufacture Chichester, [England] :
Name of producer, publisher, distributor, manufacturer Wiley,
Date of production, publication, distribution, manufacture, or copyright notice 2015.
Date of production, publication, distribution, manufacture, or copyright notice �2015
300 ## - PHYSICAL DESCRIPTION
Extent 1 online resource (387 pages) :
Other physical details illustrations
336 ## - CONTENT TYPE
Content type term text
Source rdacontent
337 ## - MEDIA TYPE
Media type term computer
Source rdamedia
338 ## - CARRIER TYPE
Carrier type term online resource
Source rdacarrier
500 ## - GENERAL NOTE
General note Includes index.
588 ## - SOURCE OF DESCRIPTION NOTE
Source of description note Description based on online resource; title from PDF title page (ebrary, viewed October 29, 2014).
590 ## - LOCAL NOTE (RLIN)
Local note Electronic reproduction. Palo Alto, Calif. : ebrary, 2014. Available via World Wide Web. Access may be limited to ebrary affiliated libraries.
650 #0 - SUBJECT ADDED ENTRY--TOPICAL TERM
Topical term or geographic name as entry element Computer software
General subdivision Development.
Topical term or geographic name as entry element iPhone (Smartphone)
655 #0 - INDEX TERM--GENRE/FORM
Genre/form data or focus term Electronic books.
776 08 - ADDITIONAL PHYSICAL FORM ENTRY
Display text Print version:
Main entry heading Saunders, Aaron.
Title Building cross-platform apps using titanium, alloy, and appcelerator cloud services.
Place, publisher, and date of publication Chichester, [England] : Wiley, c2015
Physical description xi, 372 pages
International Standard Book Number 9781118673256
797 2# - LOCAL ADDED ENTRY--CORPORATE NAME (RLIN)
Corporate name or jurisdiction name as entry element ebrary.
856 40 - ELECTRONIC LOCATION AND ACCESS
Uniform Resource Identifier <a href="http://site.ebrary.com/lib/rucke/Doc?id=10955859">http://site.ebrary.com/lib/rucke/Doc?id=10955859</a>
Public note An electronic book accessible through the World Wide Web; click to view

No items available.

© 2026 Rongo University
Contact us: librarian | system librarian | Rongo university